| 000 | 00682nam a22001817a 4500 | ||
|---|---|---|---|
| 008 | 160916b xxu||||| |||| 00| 0 eng d | ||
| 020 | _a9781843924128 | ||
| 082 |
_22009 _a364.4094 _bC85 |
||
| 245 |
_aCrime prevention policies in comparative perspective/ _cedited by Adam Crawford. |
||
| 260 |
_aCullompton, Devon; Portland, Or.: _bWillan Pub., _cc2009. |
||
| 300 |
_axxviii, 266 pages: _billustrations; _c24 cm |
||
| 500 | _aIncludes bibliographical references and index. | ||
| 650 | 0 |
_914640 _aCrime prevention _zEurope |
|
| 650 | 0 |
_914641 _aCrime prevention _xCross-cultural studies |
|
| 700 |
_914642 _aCrawford, Adam _eEditor |
||
| 365 |
_aPhp _b4318.00 |
||
| 942 |
_2ddc _cDC |
||
| 999 |
_c4549 _d4549 |
||